| 000 | 00456nam a2200169Ia 4500 | ||
|---|---|---|---|
| 003 | GCL | ||
| 008 | 140319s9999 xx 000 0 eng d | ||
| 040 |
_aGCL / _cGCL |
||
| 082 | 0 | 4 |
_a759 _bH G |
| 100 | 1 | _aHOWARD, MICHAEL | |
| 245 | 1 | 0 |
_aTHE HISTORY AND TECHNIQUES OF THE GREAT MASTERS GOYA / _cHOWARD, MICHAEL |
| 260 |
_a[S.N] : _bTIGER BOOKS INTERNATIONAL |
||
| 300 | _a64 P | ||
| 650 | 0 | 4 | _aPAINTING - ILLUSTRATION |
| 650 | 0 | 4 | _aGOYA |
| 942 |
_2ddc _cBK |
||
| 999 |
_c17864 _d17864 |
||